Normal view
MARC view
- مقداد، عمر يوسف محمد
Entry Personal Name
001 - CONTROL NUMBER
- control field: 64830
003 - CONTROL NUMBER IDENTIFIER
- control field: JO-AjAnu
005 - DATE AND TIME OF LATEST TRANSACTION
- control field: 20231210121814.0
008 - FIXED-LENGTH DATA ELEMENTS
- fixed length control field: 231210|| aca||aabn | a|a d
040 ## - CATALOGING SOURCE
- Original cataloging agency: JO-AjAnu
100 ## - HEADING--PERSONAL NAME
- Linkage: مقداد، عمر يوسف محمد
- Personal name: مقداد، عمر يوسف محمد